000 02431 a2200205 4500
001 25590
005 20260407155540.0
008 260407a2013 arg spa d
003 AR-UNSa-BCEJYS
040 _aAR-UNSa-BCEJYS
_bspa
_cAR-UNSa-BCEJYS
080 _a35.086
_xResponsabilidad de los funcionarios
245 1 0 _aResponsabilidad del estado y del funcionario público
264 1 _aBuenos Aires :
_bAstrea
_c2013
300 _a2v. (619 - 488 p.)
_c23 cm.
505 _aTomo I : Carcterización General : 1. El derecho a la reparación desde la peresectiva constitucional - 2. La responsabilidad de la persona jurídica en el código civil aspectos generales - 3. Introducción al estudio de la responsabilidad del estado - 4.Marco normativo aplicable - 5. Requisitos de la responsabilidad del estado - 6. Responsabilidad extracontractual del estado por el hecho de los agentes de la administración pública y de otros posibles dependientes - 7. Responsabilidad extracontractual de la administración pública por su actividad ilegítima - 8. Responsabilidad del estado por omisión - 9. Responsabilidad del estado.Hechos lícitos que sacrifican intereses particulares - Parte II : Ámbitos específicos de la resonsabilidad del estado : 10. Responsabilidad del estado por el funcionamiento de su actividad jurisdiccional - 11. Responsabilidad del estado por su actividad legislativa - 12. Responsabilidad del estado por los entes descentralizados - 13. Concesionarios y licenciatarios de servicios públicos y empresas concesionarias de peaje - 14. Responsabilidad del estado. Incumplimiento obligacional y contractual - 15. Responsabilidad patrimonial del funcionario público - Parte III : Reparación del daño causado por el estado y por el funcionario público : 16. Medida del resarcimiento - 17. Eximentes en materia de responsabilidad del estado - 18. Prscripción de las acciones resarcitorias contra el estado y el funcionario público - 19. Responsabilidad del estado y de los empleados y funcionarios públicvos en el anteproyecto y en el proyecto de código civil de 2012 - 20. El regreso al derecho civil para la protección de débiles y vulnerables.
942 _cBK
590 _aniveau_biblio:m niveau_hierar:0
100 1 _aPizarro, Ramón Daniel
856 4 1 _uhttps://biblioeco.unsa.edu.ar/pmb/images/libros/Responsabilidad del Estado y del funcionario p?blico (2013).jpg
_yImagen de portada
_qimage/jpeg
999 _c1404
_d1404